|
|
|
|
| LEADER |
00875ncm a22002532a 4500 |
| 001 |
001202698 |
| 003 |
CZ BrMZK |
| 005 |
20120327121354.0 |
| 007 |
qu |
| 008 |
120327s1976 xr |||||||||||||||||zxx d |
| 040 |
|
|
|a BOA001
|b cze
|
| 072 |
|
7 |
|a 786
|x Hudba pro klávesové nástroje
|2 Konspekt
|9 9
|
| 100 |
1 |
|
|a Vitásek, Jan August,
|d 1770-1839
|7 kup20000000107513
|4 cmp
|
| 245 |
1 |
0 |
|a Tři přednesové skladby
|h [hudebnina] :
|b piano 2 ms /
|c Jan August Vitásek ; rev. Věra Millerová
|
| 250 |
|
|
|a 2. vyd.
|
| 260 |
|
|
|a Praha :
|b Supraphon,
|c 1976
|
| 300 |
|
|
|a 22 s.
|
| 490 |
1 |
|
|a Musica Viva Historica ;
|v 4
|
| 700 |
1 |
|
|a Millerová, Věra,
|d 1900-
|7 kup20000000065615
|4 edt
|
| 830 |
|
0 |
|a Musica Viva Historica
|
| 910 |
|
|
|a BOA001
|b Mus4-0765.874
|
| 990 |
|
|
|a MU
|
| 991 |
|
|
|b 201203
|
| 996 |
6 |
|
|b 2619080219
|c Mus4-0765.874
|l MZK
|r Sklad / do 1 hodiny
|n 1
|w 001236256
|u 000010
|a 1
|e BOA001
|j MZK50
|s P
|